[Event "II Torneo Internazionale"]
[Site "Madonna di Campiglio - Pinzolo ITA"]
[Date "1974.01.15"]
[Round "8"]
[White "Tatai, Stefano"]
[Black "Sax, Gyula"]
[Result "0-1"]
[WhiteElo "2430"]
[BlackElo "2460"]
[PlyCount "136"]
[EventDate "1974.01.08"]

1. e4 c5 2. Nf3 g6 3. d4 cxd4 4. Qxd4 Nf6 5. Bb5 Nc6 6. Qa4 Bg7 7. O-O O-O 8.
e5 Nd5 9. Qh4 Nc7 10. Bxc6 dxc6 11. Bh6 Bf5 12. Na3 Ne6 13. Rfe1 Bxh6 14. Qxh6
Qb6 15. Nc4 Qb4 16. Ne3 Qf4 17. Qxf4 Nxf4 18. Nxf5 gxf5 19. Rad1 Rfd8 20. g3
Ne6 21. Nh4 f4 22. Nf5 Kf8 23. Kg2 Rac8 24. Kf3 fxg3 25. hxg3 Rd5 26. Rxd5 cxd5
27. c3 Nc5 28. Rh1 Nd3 29. Rxh7 Nxe5+ 30. Ke2 Ng6 31. Nh6 f6 32. Nf5 Rc6 33.
Rg7 Re6+ 34. Kf1 Ne5 35. Rh7 Nd3 36. Rh8+ Kf7 37. Rd8 Re1+ 38. Kg2 Re2 39. Rxd5
Rxf2+ 40. Kg1 Rf3 41. Kg2 Ne1+ 42. Kh3 Ke6 43. Rd1 Rxf5 44. Rxe1+ Re5 45. Rg1
Kf5 46. Rg2 Ke4 47. Rd2 Kf3 48. Rd4 Rh5+ 49. Rh4 Rxh4+ 50. gxh4 Kf4 51. c4 a5
52. b3 f5 53. a3 Ke3 54. h5 f4 55. h6 f3 56. h7 f2 57. h8=Q f1=Q+ 58. Kh2 Qf4+
59. Kg2 e5 60. Qh3+ Ke2 61. Qh5+ Kd3 62. Qh3+ Kc2 63. Qh7+ e4 64. b4 Qd2+ 65.
Kg3 Qd3+ 66. Kg2 e3 67. Qxb7 e2 68. Qe7 Qd2 0-1

[Event "II Torneo Internazionale"]
[Site "Madonna di Campiglio - Pinzolo ITA"]
[Date "1974.01.15"]
[Round "8"]
[White "Toth, Bela"]
[Black "Marovic, Drazen"]
[Result "0-1"]
[WhiteElo "2390"]
[BlackElo "2480"]
[PlyCount "80"]
[EventDate "1974.01.08"]

1. d4 d5 2. c4 c6 3. Nc3 Nf6 4. cxd5 cxd5 5. Bf4 Nc6 6. e3 Bf5 7. Nf3 e6 8. Bb5
Nd7 9. O-O Be7 10. Qe2 O-O 11. Rfc1 Qa5 12. a3 Rfc8 13. Ne1 Qd8 14. b3 Na5 15.
Qb2 a6 16. Bd3 Bg6 17. Bxg6 hxg6 18. Nd3 Rc6 19. Rc2 Qf8 20. Bg3 Rac8 21. h3
Rb6 22. b4 Nc4 23. Qc1 Rbc6 24. Raa2 b5 25. Nc5 Nxc5 26. dxc5 Bf6 27. a4 bxa4
28. Rxa4 a5 29. bxa5 Qxc5 30. a6 Ra8 31. Qb1 Rcxa6 32. Rca2 Rxa4 33. Nxa4 Qc6
34. Qc2 Rc8 35. Kh2 e5 36. Qb3 d4 37. exd4 exd4 38. Nb2 Nd2 39. Qd1 Ne4 40. Nd3
Nc3 0-1

[Event "II Torneo Internazionale"]
[Site "Madonna di Campiglio - Pinzolo ITA"]
[Date "1974.01.16"]
[Round "9"]
[White "Jansa, Vlastimil"]
[Black "Tatai, Stefano"]
[Result "1/2-1/2"]
[WhiteElo "2475"]
[BlackElo "2430"]
[PlyCount "60"]
[EventDate "1974.01.08"]

1. Nf3 Nf6 2. g3 g6 3. Bg2 Bg7 4. O-O O-O 5. c4 d6 6. d4 Nbd7 7. Nc3 e5 8. Qc2
exd4 9. Nxd4 Nb6 10. Rd1 Nxc4 11. Ncb5 a6 12. Qxc4 axb5 13. Nxb5 Ne8 14. Nc3 c6
15. Be3 Qa5 16. Qb3 Qa6 17. Bg5 Be6 18. Qc2 f6 19. Bf4 Rd8 20. Ne4 Bd5 21. Nc5
dxc5 22. e4 Bxe4 23. Qxe4 Rxd1+ 24. Rxd1 Qxa2 25. Bf1 f5 26. Qe7 Nf6 27. Qxb7
Nd5 28. Bd6 Qa8 29. Qb3 Rd8 30. Bxc5 Rb8 1/2-1/2

[Event "II Torneo Internazionale"]
[Site "Madonna di Campiglio - Pinzolo ITA"]
[Date "1974.01.16"]
[Round "9"]
[White "Micheli, Carlo"]
[Black "Parma, Bruno"]
[Result "1/2-1/2"]
[WhiteElo "2315"]
[BlackElo "2500"]
[PlyCount "25"]
[EventDate "1974.01.08"]

1. e4 d6 2. d4 Nf6 3. Nc3 g6 4. Bg5 Bg7 5. f4 h6 6. Bh4 c5 7. Bb5+ Bd7 8. e5
Nh5 9. dxc5 Bxb5 10. Nxb5 Qa5+ 11. Nc3 dxe5 12. Bxe7 Nc6 13. Bd6 1/2-1/2

[Event "II Torneo Internazionale"]
[Site "Madonna di Campiglio - Pinzolo ITA"]
[Date "1974.01.16"]
[Round "9"]
[White "Sax, Gyula"]
[Black "Toth, Bela"]
[Result "1-0"]
[WhiteElo "2460"]
[BlackElo "2390"]
[PlyCount "97"]
[EventDate "1974.01.08"]

1. e4 c5 2. Nf3 d6 3. d4 cxd4 4. Nxd4 Nf6 5. Nc3 g6 6. Be3 Bg7 7. f3 O-O 8. Qd2
Nc6 9. Bc4 Bd7 10. Bb3 Qa5 11. O-O-O Rfc8 12. Kb1 Ne5 13. Bg5 Nc4 14. Bxc4 Rxc4
15. Nb3 Qe5 16. Rhe1 Rxc3 17. bxc3 Be6 18. Be3 Qxh2 19. Bd4 h5 20. e5 Ne8 21.
Qg5 dxe5 22. Bxe5 Bxe5 23. Rxe5 Ng7 24. Rc5 Bxb3 25. axb3 Ne6 26. Qe5 Qxg2 27.
Rb5 b6 28. Qe4 Re8 29. Re5 Qh3 30. Qc6 Kf8 31. Qc4 Ng7 32. Qf4 Kg8 33. Red5 Qc8
34. Rd7 Ne6 35. Qe5 Qc5 36. Qxc5 Nxc5 37. Rxa7 h4 38. b4 Ne6 39. Rb7 Kg7 40.
Rxb6 Rh8 41. c4 h3 42. c5 h2 43. Rh1 g5 44. c4 Rh4 45. Kb2 Kf6 46. c6 Ke5 47.
Rb7 Rxc4 48. b5 Rh4 49. c7 1-0

[Event "II Torneo Internazionale"]
[Site "Madonna di Campiglio - Pinzolo ITA"]
[Date "1974.01.17"]
[Round "10"]
[White "Mednis, Edmar John"]
[Black "Marovic, Drazen"]
[Result "1/2-1/2"]
[WhiteElo "2430"]
[BlackElo "2480"]
[PlyCount "21"]
[EventDate "1974.01.08"]

1. e4 Nf6 2. e5 Nd5 3. d4 d6 4. Nf3 Bg4 5. Be2 e6 6. O-O Be7 7. h3 Bh5 8. c4
Nb6 9. Nc3 O-O 10. Be3 d5 11. c5 1/2-1/2

[Event "II Torneo Internazionale"]
[Site "Madonna di Campiglio - Pinzolo ITA"]
[Date "1974.01.17"]
[Round "10"]
[White "Paoli, Enrico"]
[Black "Micheli, Carlo"]
[Result "0-1"]
[WhiteElo "2290"]
[BlackElo "2315"]
[PlyCount "176"]
[EventDate "1974.01.08"]

1. e4 d6 2. d4 Nf6 3. Nc3 g6 4. Nf3 Bg7 5. h3 c6 6. a4 O-O 7. Be3 Qa5 8. Nd2
Nbd7 9. Be2 e5 10. dxe5 dxe5 11. O-O Ne8 12. Nb3 Qc7 13. a5 Nd6 14. Qd2 Nf6 15.
Nc5 Rd8 16. Rfd1 Be6 17. Qc1 Qe7 18. b3 Nfe8 19. N3a4 Bc8 20. c3 Nc7 21. Bg5 f6
22. Be3 Rb8 23. Nd3 Ncb5 24. f3 Be6 25. Rb1 Qc7 26. Nac5 Bf7 27. Ra1 f5 28. Bg5
Re8 29. Nf2 Rbc8 30. Bc4 b6 31. axb6 axb6 32. Na6 Qb7 33. Bxb5 Nxb5 34. Qc2 Be6
35. Nb4 Qf7 36. Rdb1 Bf8 37. Nbd3 Bd6 38. Qb2 c5 39. Ra6 Rb8 40. Be3 f4 41. Bd2
h5 42. Nc1 g5 43. Ne2 c4 44. b4 Bc8 45. Raa1 Kh8 46. Be1 Rg8 47. Rd1 Be6 48.
Kf1 Rbf8 49. Ng1 Bb8 50. Ra6 Qb7 51. Ra2 Nd6 52. Qe2 Ne8 53. Rd8 b5 54. Rad2
Bc7 55. R8d5 Nf6 56. Rc5 Nd7 57. Rcd5 Rd8 58. Rd1 Bxd5 59. exd5 Nf6 60. d6 Bxd6
61. Ne4 Nxe4 62. fxe4 g4 63. Bh4 Rd7 64. Bf6+ Kh7 65. Rd5 Bb8 66. Qc2 Rg6 67.
Rxd7+ Qxd7 68. Bh4 Rd6 69. Be1 Ba7 70. hxg4 hxg4 71. Qe2 Rd3 72. Nh3 f3 73.
Ng5+ Kg6 74. gxf3 Kxg5 75. Qh2 Rxf3+ 76. Kg2 g3 77. Qh8 Rf6 78. Qg8+ Rg6 79.
Qh8 Qd6 80. Bxg3 Qd2+ 81. Kh3 Rh6+ 82. Bh4+ Rxh4+ 83. Qxh4+ Kg6 84. Qg4+ Qg5
85. Qe6+ Qf6 86. Qe8+ Kh6 87. Qxb5 Qf1+ 88. Kg4 Qg2+ 0-1

[Event "II Torneo Internazionale"]
[Site "Madonna di Campiglio - Pinzolo ITA"]
[Date "1974.01.17"]
[Round "10"]
[White "Parma, Bruno"]
[Black "Janosevic, Dragoljub"]
[Result "1/2-1/2"]
[WhiteElo "2500"]
[BlackElo "2415"]
[PlyCount "30"]
[EventDate "1974.01.08"]

1. e4 c5 2. Nf3 Nc6 3. d4 cxd4 4. Nxd4 Qc7 5. Nc3 e6 6. Be2 a6 7. O-O Nf6 8.
Kh1 Be7 9. f4 d6 10. Be3 Bd7 11. Qe1 b5 12. a3 O-O 13. Qg3 Nxd4 14. Bxd4 Bc6
15. Rae1 g6 1/2-1/2

[Event "II Torneo Internazionale"]
[Site "Madonna di Campiglio - Pinzolo ITA"]
[Date "1974.01.17"]
[Round "10"]
[White "Toth, Bela"]
[Black "Jansa, Vlastimil"]
[Result "0-1"]
[WhiteElo "2390"]
[BlackElo "2475"]
[PlyCount "78"]
[EventDate "1974.01.08"]

1. d4 Nf6 2. c4 c5 3. d5 e5 4. Nc3 d6 5. e4 Nbd7 6. Bd3 Be7 7. Nge2 O-O 8. h3
Ne8 9. Be3 g6 10. Qd2 Ng7 11. g4 Kh8 12. Ng3 Nf6 13. O-O-O a6 14. Kb1 Ng8 15.
Rdg1 Bd7 16. f4 exf4 17. Bxf4 b5 18. e5 bxc4 19. Bxc4 Bb5 20. Nxb5 axb5 21.
Bxb5 Qb8 22. exd6 Qxb5 23. dxe7 Nxe7 24. Ne4 Rfd8 25. Nc3 Qa6 26. d6 Nc6 27.
Bg5 Rd7 28. Rd1 Ne6 29. Bf6+ Kg8 30. Rhe1 Ncd4 31. Qh6 Rb7 32. a4 Rab8 33. Rd2
Rxb2+ 34. Rxb2 Qd3+ 35. Ka1 Qxc3 36. Qd2 Nb3+ 37. Ka2 Qc4 38. Qc2 Qxa4+ 39. Kb1
Qa1# 0-1

[Event "II Torneo Internazionale"]
[Site "Madonna di Campiglio - Pinzolo ITA"]
[Date "1974.01.18"]
[Round "11"]
[White "Janosevic, Dragoljub"]
[Black "Paoli, Enrico"]
[Result "1-0"]
[WhiteElo "2415"]
[BlackElo "2290"]
[PlyCount "49"]
[EventDate "1974.01.08"]

1. e4 c5 2. Nf3 Nc6 3. d4 cxd4 4. Nxd4 Nf6 5. Nc3 d6 6. Bc4 e6 7. Be3 Be7 8.
Qe2 a6 9. O-O-O Qc7 10. Rhg1 O-O 11. g4 Nxd4 12. Bxd4 b5 13. g5 Nd7 14. Bb3 b4
15. Na4 Nc5 16. f4 Bb7 17. Nxc5 dxc5 18. Be5 Qc6 19. f5 Rfd8 20. g6 Rxd1+ 21.
Qxd1 fxg6 22. Bxe6+ Kh8 23. Rxg6 Bf6 24. Rxf6 Qxe4 25. Rf7 1-0

[Event "II Torneo Internazionale"]
[Site "Madonna di Campiglio - Pinzolo ITA"]
[Date "1974.01.18"]
[Round "11"]
[White "Marovic, Drazen"]
[Black "Parma, Bruno"]
[Result "1/2-1/2"]
[WhiteElo "2480"]
[BlackElo "2500"]
[PlyCount "40"]
[EventDate "1974.01.08"]

1. e4 e5 2. Nf3 Nc6 3. Bb5 a6 4. Ba4 Nf6 5. O-O Be7 6. Re1 b5 7. Bb3 d6 8. c3
O-O 9. h3 Nb8 10. d4 Nbd7 11. Nbd2 Bb7 12. Bc2 Re8 13. b4 Nf8 14. a4 a5 15.
bxa5 Rxa5 16. Rb1 Ba6 17. axb5 Rxb5 18. Ra1 Rb6 19. Bb3 h6 20. Qc2 Bb7 1/2-1/2

[Event "II Torneo Internazionale"]
[Site "Madonna di Campiglio - Pinzolo ITA"]
[Date "1974.01.18"]
[Round "11"]
[White "Sax, Gyula"]
[Black "Mednis, Edmar John"]
[Result "1/2-1/2"]
[WhiteElo "2460"]
[BlackElo "2430"]
[PlyCount "31"]
[EventDate "1974.01.08"]

1. e4 g6 2. d4 Bg7 3. Nf3 d6 4. Nc3 Nf6 5. Be2 O-O 6. O-O Nc6 7. Be3 Re8 8. Qd2
Ng4 9. Bg5 h6 10. Bh4 g5 11. Bg3 e5 12. dxe5 Ngxe5 13. Nxe5 dxe5 14. Qxd8 Nxd8
15. Nd5 Ne6 16. c3 1/2-1/2

[Event "II Torneo Internazionale"]
[Site "Madonna di Campiglio - Pinzolo ITA"]
[Date "1974.01.18"]
[Round "11"]
[White "Tatai, Stefano"]
[Black "Toth, Bela"]
[Result "1/2-1/2"]
[WhiteElo "2430"]
[BlackElo "2390"]
[PlyCount "42"]
[EventDate "1974.01.08"]

1. e4 d6 2. d4 Nf6 3. Nc3 g6 4. f4 Bg7 5. Nf3 O-O 6. Bd3 Nc6 7. e5 dxe5 8. dxe5
Nd5 9. Bd2 Bg4 10. Be4 Nxc3 11. Bxc3 Qxd1+ 12. Rxd1 Rfd8 13. Kf2 Bd7 14. Rd2
Be8 15. Rhd1 Rxd2+ 16. Rxd2 Rd8 17. Rxd8 Nxd8 18. Ke3 Bc6 19. Nd4 Bxe4 20. Kxe4
Ne6 21. Nxe6 fxe6 1/2-1/2